000
00297nam a22001337a 4500
008
170608b xxu||||| |||| 00| 0 eng d
020
_a
9781933116709
041
_a
eng
080
_2
2ND
_a
32
100
_a
18
101
_a
SHP
245
_a
THE CHALLENGE OF POLITICS
_c
RIEMER,N
942
_2
udc
_c
BK
999
_c
16434
_d
16434